Zdaňovanie spoločností vo vybraných krajinách EÚ bakalárska práca

Enregistré dans:
Détails bibliographiques
Auteur principal: Druska, Krištof
Collectivité auteur: Fakulta podnikového manažmentu EU. Katedra podnikových financií
Autres auteurs: Ďurinová, Ivona, 1964-
Format: Livre
Langue:slovaque
Publié: Bratislava 2024
Tags: Ajouter un tag
Pas de tags, Soyez le premier à ajouter un tag!

MARC

LEADER 00000nbm a2200000 4500
001 0302052
005 20250224105402.4
041 0 |a slo 
044 |a SK 
245 1 0 |a Zdaňovanie spoločností vo vybraných krajinách EÚ  |b bakalárska práca  |c Krištof Druska ; školiteľ: Ivona Ďurinová 
264 1 |a Bratislava  |c 2024 
300 |a 72 s. 
100 1 |a Druska, Krištof 
700 1 |a Ďurinová, Ivona, 1964- 
710 2 |a Fakulta podnikového manažmentu EU. Katedra podnikových financií